Most Runs and Wickets in IPL by Season - Statistics

General Stats
  • This quiz has been taken 16 times
  • The average score is 103 of 170
Answer Stats
Season Overseas Player % Correct
| 2016 | 2024 Virat Kohli
100%
| 2015 | 2017 | 2019 Australia David Warner
91%
2022 England Jos Buttler
91%
2018 New Zealand Kane Williamson
91%
| 2010 Sachin Tendulkar
91%
Australia Shane Warne
91%
Australia Steve Smith
91%
| 2011 | 2012 West Indies Chris Gayle
82%
West Indies Dwayne Smith
82%
Australia Glenn Maxwell
82%
South Africa Graeme Smith
82%
Jasprit Bumrah
82%
| 2020 South Africa Kagiso Rabada
82%
Afghanistan Rashid Khan
82%
South Africa AB de Villiers
73%
| 2016 | 2017 Bhuvneshwar Kumar
73%
2013 | 2015 West Indies Dwayne Bravo
73%
Gautam Gambhir
73%
2021 | 2024 Harshal Patel
73%
| 2019 South Africa Imran Tahir
73%
South Africa Jacques Kallis
73%
Australia Mitchell Starc
73%
| 2014 Mohit Sharma
73%
2012 South Africa Morne Morkel
73%
2014 Robin Uthappa
73%
Sandeep Sharma
73%
| 2008 Australia Shaun Marsh
73%
| 2023 Shubham Gill
73%
2008 Pakistan Sohail Tanvir
73%
Vinay Kumar
73%
| 2022 Yuzvendra Chahal
73%
Australia Adam Gilchrist
64%
South Africa Albie Morkel
64%
Amit Mishra
64%
2018 Australia Andrew Tye
64%
Avesh Khan
64%
South Africa Faf du Plessis
64%
Harbhajan Singh
64%
| 2011 Sri Lanka Lasith Malinga
64%
2009 Australia Matthew Hayden
64%
| 2013 Australia Michael Hussey
64%
Australia Mitchell Johnson
64%
| 2023 Mohammad Shami
64%
Munaf Patel
64%
South Africa Quinton de Kock
64%
| 2021 Ruturaj Gaikwad
64%
Australia Shane Watson
64%
West Indies Sunil Narine
64%
New Zealand Trent Boult
64%
Ambati Rayudu
55%
New Zealand Devon Conway
55%
West Indies Lendl Simmons
55%
Ravichandran Ashwin
55%
Rishabh Pant
55%
2009 RP Singh
55%
Sri Lanka Sanath Jayasuriya
55%
Shikhar Dhawan
55%
Suresh Raina
55%
Australia Travis Head
55%
Virender Sehwag
55%
South Africa JP Duminy
45%
| 2020 KL Rahul
45%
Kuldeep Yadav
45%
Piyush Chawla
45%
| 2010 Pragyan Ojha
45%
Shreyas Iyer
45%
Umesh Yadav
45%
Sri Lanka Wanindu Hasaranga
45%
Ajinkya Rahane
36%
West Indies Andre Russell
36%
South Africa Anrich Nortje
36%
Ashish Nehra
36%
Hardik Pandya
36%
Harshit Rana
36%
South Africa Herschelle Gibbs
36%
Ishan Kishan
36%
Australia James Faulkner
36%
New Zealand Mitchell McClenaghan
36%
Ravindra Jadeja
36%
Sanju Samson
36%
Anil Kumble
27%
Deepak Chahar
27%
Irfan Pathan
27%
Jaydev Unadkat
27%
Murali Vijay
27%
Riyan Parag
27%
Shanthakumaran Sreesanth
27%
Sourav Ganguly
27%
T Natarajan
27%
Varun Chakaravarthy
27%
Yashasvi Jaiswal
27%
Shardul Thakur
18%
Dhawal Kulkarni
9%
Shreyas Gopal
9%
Siddarth Kaul
9%
Sreenath Aravind
0%
Umran Malik
0%
No matching quizzes found
Score Distribution
Percent of People with Each Score
Percentile by Number Answered
Your Score History
You have not taken this quiz